ბათუმის შოთა რუსთაველის სახელმწიფო უნივერსიტეტის ბიბლიოთეკა

ჩანაწერი Corporate Name

ჩანაწერთა რაოდენობა, რომელიც გამოყენებულია: 1

001 - CONTROL NUMBER

  • control field: 23295

003 - CONTROL NUMBER IDENTIFIER

  • control field: GE_BSU

005 - DATE AND TIME OF LATEST TRANSACTION

  • control field: 20241002142237.0

008 - FIXED-LENGTH DATA ELEMENTS

  • fixed length control field: 241002|| aca||aabn | a|a d

040 ## - CATALOGING SOURCE

  • Original cataloging agency: GE_BSU
  • Transcribing agency: GE_BSU

110 ## - HEADING--CORPORATE NAME

  • Corporate name or jurisdiction name as entry element: ბათუმის უნ-ტი. სოციალ. მეცნ., ბიზნ. და სამართალმც. ფაკ-ტი. ფინანსები, აღრიცხვის და აუდიტის დეპარტამენტი. ეკონ. პოლიტ. და ბიზნ. ადმინისტრირების დეპარტამენტი.

670 ## - SOURCE DATA FOUND

  • Source citation: Work cat.: (GE_BSU): მანველიძე, რეზო 1497, ბიზნესის შეფასების საფუძვლები : (კითხვა-პასუხებში) :